[Event "Subic Open"]
[Site "Subic PHI"]
[Date "2009.05.28"]
[Round "6"]
[White "Nguyen Ngoc Truong Son"]
[Black "Sandipan,C"]
[Result "1/2-1/2"]
[WhiteElo "2588"]
[BlackElo "2558"]

1.Nf3 d5 2.d4 Nf6 3.c4 c6 4.Nc3 e6 5.e3 Nbd7 6.Qc2 Bd6 7.g4 h6 8.h3 b5 9.cxb5 c5
10.Bd2 Bb7 11.Bg2 Rc8 12.Rd1 Ne4 13.Nxe4 dxe4 14.Ne5 Bxe5 15.dxe5 Nxe5 16.Bxe4 Nd3+
17.Bxd3 Bxh1 18.Bc3 Qg5 19.Be4 Bxe4 20.Qxe4 O-O 21.Rd7 Rcd8 22.Rxa7 Rd5 23.a4 Qd8
24.a5 Qb8 25.b6 Qd6 26.Ke2 g5 27.b7 Qb8 28.Ra6 Qxb7 29.Rxe6 Qb5+ 30.Ke1 Rfd8
31.Rg6+ fxg6 32.Qxg6+ Kf8 33.Qf6+ Ke8 34.Qe6+ Kf8 35.Qf6+ Ke8  1/2-1/2

[Event "Doroshkevicha Mem"]
[Site "Belorechensk RUS"]
[Date "2009.05.29"]
[Round "7"]
[White "Elizarov,D"]
[Black "Hudyakov,S"]
[Result "1-0"]
[WhiteElo "2340"]
[BlackElo "2234"]

1.d4 d5 2.c4 c6 3.Nc3 Nf6 4.Nf3 e6 5.e3 Nbd7 6.Qc2 Bd6 7.b3 O-O 8.Bd3 dxc4
9.bxc4 e5 10.O-O Re8 11.a4 a5 12.h3 h6 13.Rd1 Kh8 14.c5 Bb8 15.Bc4 Qe7 16.Qa2 Kg8
17.Ba3 e4 18.Nd2 Nf8 19.Nf1 Ng6 20.d5 Qe5 21.dxc6 Nh4 22.Ne2 Bxh3 23.gxh3 Nf3+
24.Kh1 Qf5 25.Ng1 Nxg1 26.Kxg1 Qxh3 27.Bxf7+ Kh7 28.Bxe8 Ng4 29.Rd6 Ne5 30.Bg6+ Nxg6
31.Qe6 Qh5 32.Ng3 Qg5 33.Qxg6+ Qxg6 34.Rxg6 Kxg6 35.cxb7  1-0

[Event "TOP 16 Poule Basse"]
[Site "Le Port Marly FRA"]
[Date "2009.05.29"]
[Round "9"]
[White "Kallai,G"]
[Black "Maleki,N"]
[Result "1-0"]
[WhiteElo "2462"]
[BlackElo "2175"]

1.c4 c6 2.Nf3 d5 3.e3 Nf6 4.Nc3 e6 5.d4 a6 6.b3 Bb4 7.Bd2 O-O 8.Bd3 Nbd7
9.O-O Be7 10.Qe2 b5 11.Rfd1 Bb7 12.e4 dxe4 13.Nxe4 bxc4 14.Bxc4 c5 15.Neg5 Bd5
16.Bxd5 exd5 17.Ne5 Nxe5 18.dxe5 Ne8 19.Nf3 Qb6 20.Rac1 Nc7 21.Bg5 Bxg5 22.Nxg5 Ne6
23.Qg4 Nxg5 24.Qxg5 Rfd8 25.Rd3 Rac8 26.h4 Qg6 27.Qxg6 hxg6 28.Rdc3 c4 29.f4 Rb8
30.bxc4 dxc4 31.Rxc4 Rb2 32.R1c2 Rd1+ 33.Kh2 Rxc2 34.Rxc2 Ra1 35.Rc8+ Kh7
36.Rf8 Rxa2 37.Rxf7 a5 38.Ra7 a4 39.Ra8 a3 40.Kg3 Ra1 41.Kg4 Ra2 42.g3 Ra1
43.Kf3 a2 44.Kg4  1-0

[Event "Subic Open"]
[Site "Subic PHI"]
[Date "2009.05.29"]
[Round "7"]
[White "Tirto"]
[Black "Lluch,V"]
[Result "1-0"]
[WhiteElo "2417"]
[BlackElo "2260"]

1.d4 d5 2.c4 c6 3.Nc3 Nf6 4.e3 e6 5.Nf3 Nbd7 6.Bd3 Be7 7.O-O O-O 8.b3 b6
9.Bb2 Bb7 10.Qe2 c5 11.cxd5 exd5 12.Rfd1 g6 13.Ba6 Qc8 14.Bxb7 Qxb7 15.dxc5 bxc5
16.Rd2 Rfd8 17.Rad1 Nb6 18.Ne5 Qc8 19.Qf3 Qe6 20.Ne2 Rac8 21.Nf4 Qf5 22.g4 Qe4
23.Rxd5 Rxd5 24.Qxe4 Nxe4 25.Nxd5 Nxd5 26.Rxd5 Nf6 27.Rd4 h6 28.h3 Rc7 29.Kf1 Kf8
30.Rd3 Ke8  1-0

[Event "TOP 16 Poule Basse"]
[Site "Le Port Marly FRA"]
[Date "2009.05.30"]
[Round "10"]
[White "Nicoara,M"]
[Black "Delorme,L"]
[Result "1/2-1/2"]
[WhiteElo "2167"]
[BlackElo "2177"]

1.d4 d5 2.c4 c6 3.Nf3 Nf6 4.Nc3 e6 5.e3 Nbd7 6.Qc2 Bd6 7.g4 O-O 8.g5 Ne4
9.Nxe4 dxe4 10.Qxe4 e5 11.c5 Bc7 12.Bd2 exd4 13.Qxd4 Qe7 14.Bc3 f6 15.Bc4+ Kh8
16.gxf6 Nxf6 17.Rg1 Bf5 18.Bb3 a5 19.Qh4 a4 20.Bxa4 Be4 21.Bd1 Qxc5 22.Rc1 Ba5
23.Nd2 Bxc3 24.Rxc3 Qe7 25.Bb3 Bd5 26.Bxd5 cxd5 27.a3 Rad8 28.Nb3 Qf7 29.Qf4 Qh5
30.Rc7 Nd7 31.Qg4 Qf7 32.Rg2 Rfe8 33.Nd4 Re4 34.Qf5 Qe8 35.Qg5 g6 36.Kf1 Re5
37.Qh4 Rh5 38.Qg4 Re5 39.Qh4 Re4 40.Qg5 Re5 41.Qh4 Re4 42.Rg4 Rxg4 43.Qxg4 Nf6
44.Qe6 Qxe6 45.Nxe6 Rb8 46.Nc5 b5 47.Nd7 Nxd7 48.Rxd7 b4 49.Rxd5 bxa3 50.bxa3 Ra8
51.Rd3 Ra4 52.Kg2 Kg7 53.Kg3 Kf6 54.h4 h5 55.f3 Ke6 56.Rb3 Ra6 57.Kf4 Kd5
58.Kg5 Kc4 59.Rb4+ Kd3 60.Re4 Ke2 61.f4 Kd3 62.Re5 Kc4 63.f5 gxf5 64.Kxf5 Rxa3
65.Kf4 Ra1 66.Rxh5 Rh1 67.Rh8 Kd5 68.e4+ Ke6 69.Rh6+ Ke7 70.h5 Kf7 71.Ke5 Kg7
72.Rg6+ Kf7 73.Rg5 Rh2 74.Kd6 Rd2+ 75.Rd5 Ra2 76.Rf5+ Kg7 77.Ke6 Ra6+ 78.Ke5 Ra5+
79.Kf4 Ra1 80.Rb5 Rf1+ 81.Ke5 Re1 82.Rb6 Kh7 83.Rd6 Rh1 84.h6 Rh5+ 85.Kd4 Rh4
86.Kd5 Rh1 87.e5 Rd1+ 88.Ke6 Re1 89.Kf6 Kxh6 90.e6 Rf1+ 91.Ke7 Kg7 92.Kd8 Rf8+
93.Kd7 Ra8 94.Rc6 Kf8 95.Rc5 Ra7+ 96.Kd6 Ra6+ 97.Ke5 Ra1 98.Kf6 Rf1+ 99.Ke5 Re1+
100.Kf6  1/2-1/2

[Event "TOP 16 Poule Basse"]
[Site "Le Port Marly FRA"]
[Date "2009.05.30"]
[Round "10"]
[White "Guadalpi,D"]
[Black "Reinhart,E"]
[Result "1/2-1/2"]
[WhiteElo "2313"]
[BlackElo "2329"]

1.c4 c6 2.d4 d5 3.e3 Nf6 4.Nc3 e6 5.Nf3 Nbd7 6.Bd3 dxc4 7.Bxc4 b5 8.Be2 a6
9.e4 b4 10.e5 bxc3 11.exf6 cxb2 12.fxg7 Bxg7 13.Bxb2 Qa5+ 14.Nd2 Rb8 15.Qc2 c5
16.Bc3 Qc7  1/2-1/2

[Event "TOP 16 Poule Haute"]
[Site "Le Port Marly FRA"]
[Date "2009.05.30"]
[Round "10"]
[White "Fressinet,L"]
[Black "Flear,G"]
[Result "1-0"]
[WhiteElo "2664"]
[BlackElo "2485"]

1.d4 d5 2.c4 c6 3.Nc3 Nf6 4.e3 e6 5.Nf3 Nbd7 6.Qc2 Bd6 7.Bd3 O-O 8.O-O dxc4
9.Bxc4 b5 10.Be2 Bb7 11.Rd1 Qc7 12.e4 e5 13.Bg5 exd4 14.Rxd4 Rfe8 15.Rad1 Bc5
16.R4d2 b4 17.Na4 Bf8 18.Bxf6 Nxf6 19.e5 Rxe5 20.Nxe5 Qxe5 21.Bf3 Rc8 22.b3 g6
23.g3 h5 24.Rd8 Rxd8 25.Rxd8 Kg7 26.Qe2 Qc7 27.Rd1 Nd5 28.Qc4 Qe5 29.Qd4 Qxd4
30.Rxd4 Kf6 31.Rc4 Ke6 32.Nc5+ Bxc5 33.Rxc5 Kd6 34.Ra5 a6 35.Be2 Kc7 36.Rc5 Kd6
37.Ra5 Kc7 38.a3 bxa3 39.Rxa3 Kb6 40.Kf1 a5 41.Ke1 Bc8 42.Kd2 Bf5 43.Bc4 Be4
44.Ra1 Bf5 45.f3 Be6 46.Kd3 Bf5+ 47.Kd4 Be6 48.Ke5 Bd7 49.Kd6 Bf5 50.Ra3 Be6
51.f4 Bg4 52.Bxd5 cxd5 53.Kxd5 Kb5 54.Kd4 Kb4 55.Ra4+ Kxb3 56.Rxa5 Kc2 57.Ke5 Kd3
58.Kf6 Be6 59.Ra7 Ke4 60.Rxf7 Bxf7 61.Kxf7  1-0

[Event "XXXI Nezhmetdinov Mem"]
[Site "Kazan RUS"]
[Date "2009.05.31"]
[Round "1"]
[White "Afanasiev,D2"]
[Black "Ospennikov,D"]
[Result "0-1"]
[WhiteElo "1880"]
[BlackElo "2229"]

1.d4 d5 2.c4 c6 3.Nc3 Nf6 4.e3 e6 5.Nf3 Nbd7 6.Bd3 dxc4 7.Bxc4 b5 8.Bd3 Bb7
9.O-O a6 10.e4 b4 11.Na4 c5 12.e5 Nd5 13.Re1 cxd4 14.Bd2 g6 15.Rc1 Rc8 16.Rxc8 Qxc8
17.Ng5 Bg7 18.Qf3 O-O 19.Qh3 h6 20.Rc1 Qe8 21.Nf3 Nxe5 22.Nxe5 Bxe5 23.Nc5 Bf4
24.Bxf4 Nxf4 25.Qxh6 Nxd3 26.Nxd3 Qb5 27.Nf4 Qf5 28.h3 e5 29.Rc7 exf4 30.Rxb7 d3
31.g4 Qe4  0-1

[Event "3rd ENCI Limburg Open"]
[Site "Maastricht NED"]
[Date "2009.05.31"]
[Round "4"]
[White "Dambacher,M"]
[Black "Guliyev,N"]
[Result "1/2-1/2"]
[WhiteElo "2486"]
[BlackElo "2534"]

1.c4 c6 2.d4 d5 3.Nc3 Nf6 4.e3 e6 5.Nf3 Nbd7 6.Bd3 dxc4 7.Bxc4 b5 8.Bd3 Bb7
9.O-O Bd6 10.e4 e5 11.Bg5 O-O 12.Rc1 h6 13.Bh4 exd4 14.Nxd4 Bf4 15.Rb1 Nc5
16.Bc2 Be5 17.Nde2 b4 18.f4 Bc7 19.e5 bxc3 20.exf6 Qxd1 21.Rfxd1 cxb2 22.Rxb2 Rfe8
23.Bf2 Rxe2 24.Bxc5 Ba6 25.fxg7 Bxf4 26.g3 Bg5 27.Rdb1 Rd8 28.Ba4 Re4 29.Rb8 Kxg7
30.Rxd8 Bxd8 31.Rd1 Rxa4 32.Rxd8 Rxa2 33.Bxa7 Bc4 34.Bd4+ Kh7 35.g4 f6 36.Bxf6 Bd5
37.Rd7+ Kg6 38.Be5 Rg2+ 39.Kf1 Rxg4 40.Rg7+ Kf5 41.Rxg4 Kxg4 42.Ke2  1/2-1/2

[Event "3rd ENCI Limburg Open"]
[Site "Maastricht NED"]
[Date "2009.05.31"]
[Round "5"]
[White "Seip,R"]
[Black "Springelkamp,H"]
[Result "1-0"]
[WhiteElo "2014"]
[BlackElo "1981"]

1.d4 d5 2.c4 e6 3.Nf3 Nf6 4.Nc3 c6 5.e3 Bd6 6.Bd3 dxc4 7.Bxc4 b6 8.O-O O-O
9.e4 Be7 10.Qe2 Bb7 11.Bg5 Re8 12.e5 Nd5 13.Ne4 h6 14.Bxe7 Rxe7 15.h4 Nd7
16.Nd6 Nf8 17.g3 Rd7 18.Nxb7 Rxb7 19.Rfd1 Ng6 20.h5 Nge7 21.Qe4 Kf8 22.Qh7 Ng8
23.Re1 Rc7 24.Re4 f5 25.exf6 Ngxf6 26.Qh8+ Ke7 27.Qxd8+ Rxd8 28.Re5 Kf7 29.Rae1 Re8
30.Bd3 Kf8 31.Rxe6 Rxe6 32.Rxe6 Nxh5 33.Ne5 Ne7 34.Be4 c5 35.d5 Rc8 36.d6 Ng8
37.d7 Rd8 38.Re8+ Rxe8 39.dxe8=Q+ Kxe8 40.Bg6+ Ke7 41.Bxh5 Kd6 42.f4 Ne7
43.Bg4 Nd5 44.a3 g5 45.Nc4+ Ke7 46.Bf3 Nc7 47.Ne3 gxf4 48.gxf4 Ne6 49.f5 Nd4
50.Be4 Kf6 51.Kf2 Ke5 52.Bd3 Kf6 53.Kg3 Nc6 54.Kf4 Na5 55.Ng4+ Kg7 56.f6+ Kf7
57.Kf5 h5 58.Ne5+  1-0

[Event "Copper State Int"]
[Site "Mesa USA"]
[Date "2009.05.31"]
[Round "4"]
[White "Fernandez,Dani"]
[Black "Milman,L"]
[Result "1/2-1/2"]
[WhiteElo "2369"]
[BlackElo "2462"]

1.Nf3 d5 2.d4 Nf6 3.c4 c6 4.Nc3 e6 5.e3 Nbd7 6.Qc2 Bd6 7.g4 h6 8.Rg1 b5 9.cxb5 c5
10.h4 Bb7 11.Bd3 Rc8 12.g5 hxg5 13.hxg5 Ne4 14.Nxe4 dxe4 15.Bxe4 cxd4 16.Bc6 dxe3
17.Bxe3 Qa5+ 18.Bd2 Qxb5 19.Bxb5 Rxc2 20.Nd4 Rxb2 21.Bc3 Bb4 22.Bxb4 Rxb4
23.O-O-O Rh4  1/2-1/2

[Event "12th IHEM"]
[Site "Hamburg GER"]
[Date "2009.06.01"]
[Round "3"]
[White "Strobel,H"]
[Black "Kull,F"]
[Result "1-0"]
[WhiteElo "2255"]
[BlackElo "2167"]

1.d4 d5 2.c4 c6 3.Nc3 Nf6 4.Nf3 e6 5.e3 Nbd7 6.Bd3 dxc4 7.Bxc4 b5 8.Bd3 a6
9.O-O c5 10.Qe2 c4 11.Bc2 Bb7 12.Rd1 Qc7 13.e4 O-O-O 14.Bg5 h6 15.Bh4 g5
16.Bg3 Qb6 17.Ne5 Nxe5 18.Bxe5 Be7 19.d5 exd5 20.exd5 Rxd5 21.Bf5+  1-0

[Event "Copper State Int"]
[Site "Mesa USA"]
[Date "2009.06.01"]
[Round "6"]
[White "Haskel,J"]
[Black "Hortillosa,A"]
[Result "1-0"]
[WhiteElo "2131"]
[BlackElo "2143"]

1.d4 Nf6 2.Nf3 d5 3.c4 c6 4.e3 e6 5.Nc3 Nbd7 6.Qc2 Bd6 7.b3 O-O 8.Be2 b6
9.O-O Bb7 10.Rd1 Rc8 11.e4 dxe4 12.Nxe4 Nxe4 13.Qxe4 Qe7 14.Bd3 f5 15.Qe2 h6
16.c5 Bb8 17.Bc4 Rce8 18.Re1 Rf6 19.b4 b5 20.Bb3 Rg6 21.Bb2 Kh8 22.Rac1 Nf8
23.Kh1 Bc7 24.Rcd1 Rg4 25.Bc2 Qf7 26.h3 Qh5 27.Ne5 Bxe5 28.dxe5 Qh4 29.a3 Ng6
30.Bc1 Nf4 31.Bxf4 Rxf4 32.Kg1 g5 33.Rd6 Rc4 34.Bd3 Rf4 35.Qd2 a5 36.Bf1 Qh5
37.g3 Rc4 38.Rd8 Re4 39.Rxe4 fxe4 40.Qd7 Rxd8 41.Qxd8+ Kg7 42.Qf6+ Kg8 43.Qxe6+ Qf7
44.Qxh6 axb4 45.Qxg5+ Kf8  1-0

[Event "ch-CHN"]
[Site "Xinghua Jiangsu CHN"]
[Date "2009.06.01"]
[Round "6"]
[White "Bu Xiangzhi"]
[Black "Zhou Weiqi"]
[Result "1/2-1/2"]
[WhiteElo "2704"]
[BlackElo "2563"]

1.d4 d5 2.c4 c6 3.Nc3 Nf6 4.e3 e6 5.Nf3 a6 6.b3 Bb4 7.Bd2 Nbd7 8.Bd3 O-O
9.O-O Bd6 10.Rc1 e5 11.cxd5 cxd5 12.dxe5 Nxe5 13.Nxe5 Bxe5 14.Ne2 Ne4 15.Bxe4 dxe4
16.Bc3 Bg4 17.Bxe5 Qxd1 18.Rfxd1 Bxe2 19.Rd7 Rac8 20.Rcc7 Rxc7 21.Rxc7 f6
22.Bd4 Rf7 23.Rc8+ Rf8 24.Rc7 Rf7 25.Rc8+ Rf8 26.Rc7 Rf7  1/2-1/2

[Event "ch-UZB"]
[Site "Tashkent UZB"]
[Date "2009.06.03"]
[Round "6"]
[White "Saidov,B"]
[Black "Kvon,A"]
[Result "1-0"]
[WhiteElo "2345"]
[BlackElo "2425"]

1.d4 Nf6 2.c4 e6 3.Nf3 d5 4.Nc3 c6 5.e3 Nbd7 6.Qc2 Bd6 7.Bd3 dxc4 8.Bxc4 b5
9.Bd3 Bb7 10.Ne4 Nxe4 11.Bxe4 Rc8 12.a4 Nf6 13.Bd3 O-O 14.Qe2 c5 15.dxc5 Bxc5
16.axb5 Qd5 17.O-O Rfd8 18.Rd1 Qh5 19.Nd4 Qh4 20.Nc6 Rd5 21.b3 Rh5 22.h3 Nd5
23.Bb2 f5 24.Bc4 f4 25.Qg4 fxe3 26.Qxg7+  1-0

[Event "59th ch-RUS w HL"]
[Site "Voronezh RUS"]
[Date "2009.06.03"]
[Round "3"]
[White "Molchanova,T"]
[Black "Gunina,V"]
[Result "0-1"]
[WhiteElo "2321"]
[BlackElo "2411"]

1.d4 d5 2.Nf3 Nf6 3.c4 e6 4.Nc3 c6 5.e3 Nbd7 6.Bd3 dxc4 7.Bxc4 b5 8.Bd3 b4
9.Ne4 Nxe4 10.Bxe4 Bb7 11.O-O Bd6 12.Qe2 O-O 13.Rd1 Qe7 14.b3 a5 15.Bb2 Rfc8
16.Rac1 h6 17.Ne5 Bxe5 18.dxe5 Rc7 19.Qf3 Rac8 20.Rd6 f5 21.Bd3 c5 22.Qe2 Nf6
23.Bc4 Nd5 24.Ba6 a4 25.Bxb7 Rxb7 26.bxa4 Rb6 27.Rxb6 Nxb6 28.Qa6 Rb8 29.h3 Kh7
30.Qb5 Nd7 31.Qc6 Qe8 32.Rd1 Nb6 33.Qxc5 Nxa4 34.Qd4 Qb5 35.Ba1 Rc8 36.Qd2 Nc3
37.Bxc3 bxc3 38.Qc2 Qxe5 39.Rd3 Qa5 40.Rd1 Qa3 41.Rb1 Rc4 42.Rb3 Qa4 43.Kf1 Rc8
44.Ke1 Kh8 45.f3 Qh4+ 46.Kf1 Qc4+ 47.Ke1 e5 48.Rb1 Rd8 49.Rd1 Rxd1+ 50.Qxd1 c2
51.Qc1 Qc3+ 52.Ke2 f4  0-1

[Event "59th ch-RUS w HL"]
[Site "Voronezh RUS"]
[Date "2009.06.04"]
[Round "4"]
[White "Gunina,V"]
[Black "Tairova,E"]
[Result "0-1"]
[WhiteElo "2411"]
[BlackElo "2422"]

1.d4 d5 2.c4 c6 3.Nc3 Nf6 4.e3 e6 5.Nf3 Nbd7 6.Qc2 Bd6 7.Bd3 O-O 8.O-O dxc4
9.Bxc4 b5 10.Bd3 Bb7 11.a3 a5 12.Ng5 h6 13.Nge4 Be7 14.Nxf6+ Nxf6 15.Ne4 Nxe4
16.Bxe4 Qb6 17.Bd2 b4 18.f4 Rac8 19.axb4 axb4 20.f5 exf5 21.Rxf5 c5 22.dxc5 Rxc5
23.Rxc5 Bxe4 24.Qxe4 Bxc5 25.Ra8 Rxa8 26.Qxa8+ Bf8 27.Qe4 Qa6 28.Qd4 Qa1+
29.Kf2 Qd1 30.h3 Qc2 31.Ke2 Be7 32.Kf3 b3 33.Qc3 Qf5+ 34.Ke2 Qd5 35.Qc8+ Kh7
36.g4 Bf6 37.Bc3 Qg2+ 38.Ke1 Bh4+ 39.Kd1 Qc2+  0-1

[Event "59th ch-RUS w HL"]
[Site "Voronezh RUS"]
[Date "2009.06.05"]
[Round "5"]
[White "Iljushina,O"]
[Black "Gunina,V"]
[Result "1-0"]
[WhiteElo "2329"]
[BlackElo "2411"]

1.d4 d5 2.c4 c6 3.Nc3 Nf6 4.e3 e6 5.Nf3 a6 6.Qc2 c5 7.cxd5 exd5 8.Be2 Nc6
9.O-O Nb4 10.Qd1 Bf5 11.dxc5 Bxc5 12.Nd4 Bg6 13.a3 Nc6 14.Nxc6 bxc6 15.b4 Bd6
16.Bb2 O-O 17.Rc1 Qb8 18.h3 Nd7 19.Na4 Rc8 20.Bg4 f5 21.Rxc6 Rxc6 22.Qxd5+ Bf7
23.Qxc6 fxg4 24.Qxd7 gxh3 25.Qxh3 a5 26.Qg4 Bf8 27.Nc5 axb4 28.axb4 h5 29.Qd4 Qb6
30.Rd1 Rc8 31.e4 Rc6 32.e5 Rg6 33.f4 Rg4 34.Rd2 Qc6 35.e6 Bxc5 36.exf7+ Kxf7
37.Qxc5  1-0

[Event "59th ch-RUS w HL"]
[Site "Voronezh RUS"]
[Date "2009.06.05"]
[Round "5"]
[White "Malgina,T"]
[Black "Ivakhinova,I"]
[Result "1-0"]
[WhiteElo "2337"]
[BlackElo "2219"]

1.d4 d5 2.c4 c6 3.Nf3 Nf6 4.Nc3 e6 5.e3 a6 6.b3 c5 7.Be2 cxd4 8.exd4 Bb4
9.Bd2 b6 10.O-O Bb7 11.Rc1 Nc6 12.Bg5 Be7 13.cxd5 Nxd5 14.Nxd5 Bxg5 15.Nxg5 exd5
16.Nf3 Qd6 17.Bd3 O-O 18.Qd2 Rfe8 19.Rfe1 h6 20.h3 Rac8 21.Bf5 Rcd8 22.Bb1 Qb8
23.Qd3 g6 24.Qd2 Kg7 25.Ne5 Qd6 26.f4 Rc8 27.Rcd1 Rc7 28.Re3 Nxe5 29.fxe5 Qe7
30.Rf1 Rc6 31.Ref3 Rf8 32.Rf6 Rcc8 33.Qf2 Bc6 34.Qg3 Kh8 35.Qf4 Kg7 36.e6 Be8
37.Qe5 Kh7 38.Bxg6+  1-0

[Event "59th ch-RUS w HL"]
[Site "Voronezh RUS"]
[Date "2009.06.05"]
[Round "5"]
[White "Matveeva,S"]
[Black "Charochkina,D"]
[Result "1-0"]
[WhiteElo "2410"]
[BlackElo "2306"]

1.d4 d5 2.c4 c6 3.Nc3 Nf6 4.e3 e6 5.Nf3 Nbd7 6.Qc2 Bd6 7.b3 O-O 8.Be2 e5
9.cxd5 cxd5 10.Nb5 Bb4+ 11.Bd2 Bxd2+ 12.Nxd2 a6 13.dxe5 Nxe5 14.Nd4 Bd7 15.O-O Rc8
16.Qb2 Ne4 17.N2f3 Qf6 18.Nxe5 Qxe5 19.Rac1 f5 20.f4 Qf6 21.Bf3 Qe7 22.Bxe4 Qxe4
23.Qd2 Bb5 24.Rfd1 Rxc1 25.Rxc1 Re8 26.a4 Bd3 27.Rc3 Bb1 28.Qd1 h6 29.Nf3 Qb4
30.Qxd5+ Kh7 31.Rc7 Qb6 32.Qxb7 Qxe3+ 33.Kh1 Qe1+ 34.Ng1 Rg8 35.Qxa6 Qf2
36.Qe2 Qxf4 37.Rc3 Rd8 38.Nf3 Qb4 39.Ng5+ Kh8 40.Nf7+ Kg8 41.Rc1 Kxf7 42.Rxb1 Rd4
43.h3 Re4 44.Qf3 g6 45.Rc1 Qd2 46.Rd1 Qb4 47.Qd3 Re1+ 48.Rxe1 Qxe1+ 49.Kh2 Qe5+
50.Qg3 Qd4 51.Qc7+ Kf8 52.a5 f4 53.a6 Qe3 54.Qc8+ Kg7 55.Qb7+ Kg8 56.Qa8+  1-0

[Event "Open"]
[Site "Brescia ITA"]
[Date "2009.06.06"]
[Round "1"]
[White "Salvador,R"]
[Black "Sveshnikov,E"]
[Result "1/2-1/2"]
[WhiteElo "2445"]
[BlackElo "2554"]

1.d4 d5 2.Nf3 Nf6 3.c4 e6 4.Nc3 c6 5.e3 Nbd7 6.Bd3 dxc4 7.Bxc4 b5 8.Bd3 b4
9.Ne4 Nxe4 10.Bxe4 Bb7 11.O-O Be7 12.a3 a5 13.Qc2 Rc8 14.axb4 axb4 15.Bd2 Qb6
16.Rfc1 c5 17.Bxb7 Qxb7 18.Qa4 O-O 19.Qa7 Rc7 20.Qxb7 Rxb7 21.Ra5 Rc8 22.dxc5 Rxc5
23.Rcxc5 Nxc5 24.Ra8+ Bf8 25.Nd4 Ne4 26.Be1 g6 27.f3 Nc5 28.Bg3 Nd7 29.Bd6 Kg7
30.Bxf8+ Nxf8 31.Kf2 Nd7 32.Rc8 Nb6 33.Rc2 b3 34.Nxb3 Na4  1/2-1/2

[Event "Open"]
[Site "Brescia ITA"]
[Date "2009.06.06"]
[Round "1"]
[White "Salvador,R"]
[Black "Sveshnikov,E"]
[Result "1/2-1/2"]
[WhiteElo "2445"]
[BlackElo "2554"]

1.d4 d5 2.Nf3 Nf6 3.c4 e6 4.Nc3 c6 5.e3 Nbd7 6.Bd3 dxc4 7.Bxc4 b5 8.Bd3 b4
9.Ne4 Nxe4 10.Bxe4 Bb7 11.O-O Be7 12.a3 a5 13.Qc2 Rc8 14.axb4 axb4 15.Bd2 Qb6
16.Rfc1 c5 17.Bxb7 Qxb7 18.Qa4 O-O 19.Qa7 Rc7 20.Qxb7 Rxb7 21.Ra5 Rc8 22.dxc5 Rxc5
23.Rcxc5 Nxc5 24.Ra8+ Bf8 25.Nd4 Ne4 26.Be1 g6 27.f3 Nc5 28.Bg3 Nd7 29.Bd6 Kg7
30.Bxf8+ Nxf8 31.Kf2  1/2-1/2

[Event "Open"]
[Site "Brescia ITA"]
[Date "2009.06.06"]
[Round "1"]
[White "Naumkin,I"]
[Black "Sveshnikov,V"]
[Result "1/2-1/2"]
[WhiteElo "2488"]
[BlackElo "2385"]

1.d4 d5 2.c4 c6 3.Nf3 Nf6 4.Nc3 e6 5.e3 Nbd7 6.Qc2 Bd6 7.Bd3 O-O 8.O-O dxc4
9.Bxc4 e5 10.Bb3 Qc7 11.h3 b5 12.Bd2 Bb7 13.Rac1 Rac8 14.Qf5 a6 15.Ng5 g6
16.Qb1 Qb8 17.Nce4 c5 18.Nxf6+ Nxf6 19.dxe5 Bxe5 20.f4 Bd6 21.Bc3 Nh5 22.Ne4 Bxe4
23.Qxe4 Ng3 24.Qd5 c4 25.Bc2 Ne2+ 26.Kh1 Nxc3 27.bxc3 Ba3 28.Rcd1 Rcd8 29.Qc6 Rd6
30.Rxd6 Qxd6 31.Qxd6 Bxd6 32.a4 b4 33.cxb4 Bxb4 34.f5 Re8 35.e4 Bd6 36.g4 Be5
37.fxg6 hxg6 38.Kg2 Rd8 39.Rd1 Rxd1 40.Bxd1 g5 41.Kf1 a5 42.Be2 c3 43.Ke1 Kf8
44.Kd1 Ke7 45.Kc2 Kd6 46.Bc4 f6  1/2-1/2

[Event "Rapid"]
[Site "Hustopece CZE"]
[Date "2009.06.06"]
[Round "6"]
[White "Kalod,R"]
[Black "Navara,D"]
[Result "1/2-1/2"]
[WhiteElo "2509"]
[BlackElo "2654"]

1.Nf3 d5 2.d4 Nf6 3.c4 e6 4.Nc3 c6 5.e3 Nbd7 6.Qc2 Bd6 7.Bd3 dxc4 8.Bxc4 O-O
9.O-O c5 10.dxc5 Bxc5 11.a3 a6 12.b4 Bd6 13.Rd1 Qc7 14.Ne4 Nxe4 15.Qxe4 Ne5
16.Ng5 g6 17.Bb3 h6 18.Nh3 f5 19.Qc2 g5 20.Bb2 Ng4 21.g3 Qxc2 22.Bxc2 Rd8
23.Bd4 b5 24.Bc5 Bc7 25.Rxd8+ Bxd8 26.e4 Ne5 27.f4 Nf3+ 28.Kg2 g4 29.Ng1 Nxg1
30.Kxg1  1/2-1/2

[Event "Rapid"]
[Site "Hustopece CZE"]
[Date "2009.06.06"]
[Round "7"]
[White "Petrik,T"]
[Black "Hera,I"]
[Result "0-1"]
[WhiteElo "2508"]
[BlackElo "2533"]

1.d4 d5 2.c4 c6 3.Nc3 e6 4.e3 Nf6 5.Nf3 Nbd7 6.Qc2 Bd6 7.b3 b6 8.Be2 Bb7
9.O-O O-O 10.Bb2 Qe7 11.Rad1 Rfe8 12.e4 Nxe4 13.Nxe4 dxe4 14.Qxe4 Nf6 15.Qh4 c5
16.dxc5 Bxc5 17.Ne5 Rad8 18.Bd3 h6 19.h3 Ne4 20.Qxe7 Bxe7 21.Bc2 Bc5 22.Nd3 Bd4
23.Bxd4 Rxd4 24.Nc1 Red8 25.Rxd4 Rxd4 26.Rd1 Rxd1+ 27.Bxd1 Kf8 28.Bf3 Ke7
29.Bxe4 Bxe4 30.f3 Bh7 31.Kf2 Kd6 32.Ke3 e5 33.h4 f5 34.g3 g5 35.hxg5 hxg5
36.f4 exf4+ 37.gxf4 g4 38.Ne2 Kc5 39.Kd3 Kb4 40.Kc2 a5 41.Kb2 a4 42.Ng3 Bg6
43.Ne2 Be8 44.Ng3 Bd7 45.Ne2 Bc6 46.Ng3 Be4 47.Ne2 a3+ 48.Kc1 Bd3 49.Ng3 Kc3
50.Nh5 Kd4 51.Kd2 Bb1 52.Ng3 Bxa2 53.Nxf5+ Ke4 54.Ng3+ Kxf4 55.Ne2+ Kf3 56.Nd4+ Kf2
57.Nf5 Bxb3 58.Kc3 a2  0-1

[Event "XXXI Nezhmetdinov Mem"]
[Site "Kazan RUS"]
[Date "2009.06.06"]
[Round "7"]
[White "Krylov,M RUS"]
[Black "Gubaydulin,T"]
[Result "1-0"]
[WhiteElo "2482"]
[BlackElo "2265"]

1.d4 d5 2.c4 c6 3.Nf3 Nf6 4.Nc3 e6 5.e3 Nbd7 6.Bd3 dxc4 7.Bxc4 b5 8.Bd3 a6
9.e4 c5 10.d5 Qc7 11.O-O c4 12.dxe6 fxe6 13.Bc2 Bc5 14.e5 Nxe5 15.Bf4 Nxf3+
16.Qxf3 Qa7 17.Ne4 Bb7 18.Nxf6+ gxf6 19.Qh5+ Ke7 20.Rae1 Qb6 21.Rxe6+ Qxe6
22.Qxc5+ Kf7 23.Qh5+ Kg8 24.Bf5 Qc6 25.Qg4+ Kf7 26.Re1 Qxg2+ 27.Qxg2 Bxg2
28.Be6+ Kg6 29.Kxg2 Rhe8 30.Kf3 Kg7 31.Bd2 Rad8 32.Bc3 Rd6 33.Rg1+ Kh6 34.Bf5 Rd5
35.Be4 Rd6 36.Rg3 Ree6 37.Rg8 Re7  1-0

[Event "National Open"]
[Site "Las Vegas USA"]
[Date "2009.06.06"]
[Round "4"]
[White "Gurevich,D"]
[Black "Fressinet,L"]
[Result "1/2-1/2"]
[WhiteElo "2494"]
[BlackElo "2664"]

1.d4 d5 2.c4 c6 3.Nf3 Nf6 4.Nc3 e6 5.e3 Nbd7 6.Qc2 Bd6 7.b3 O-O 8.Be2 b6
9.O-O Bb7 10.Bb2 Qe7 11.Rad1 Rad8 12.h3 Rfe8 13.e4 Nxe4 14.Nxe4 dxe4 15.Qxe4 f5
16.Qe3 c5 17.Rfe1 Nf6 18.dxc5 Bxc5 19.Bd4 Bb4 20.Bc3 Rxd1 21.Bxd1 Bc5 22.Bd4 Bb4
23.Bc3 Bc5 24.Bd4 Bb4  1/2-1/2

[Event "OKU"]
[Site "Utrecht NED"]
[Date "2009.06.06"]
[Round "3"]
[White "Oosterom,E"]
[Black "Kuipers,S"]
[Result "0-1"]
[WhiteElo "2126"]
[BlackElo "2343"]

1.d4 d5 2.c4 c6 3.Nf3 Nf6 4.Nc3 e6 5.e3 Nbd7 6.Bd3 dxc4 7.Bxc4 b5 8.Bd3 a6
9.O-O Bb7 10.e4 c5 11.d5 c4 12.Bc2 Qb6 13.Be3 Bc5 14.Bxc5 Nxc5 15.a4 exd5
16.e5 Nfe4 17.Nxd5 Bxd5 18.Qxd5 Rd8 19.a5 Qc7 20.Bxe4 Rxd5 21.Bxd5 O-O  0-1

[Event "59th ch-RUS w HL"]
[Site "Voronezh RUS"]
[Date "2009.06.06"]
[Round "6"]
[White "Butuc,M"]
[Black "Ogloblina,L"]
[Result "0-1"]
[WhiteElo "2170"]
[BlackElo "2116"]

1.d4 d5 2.Nf3 e6 3.c4 c6 4.e3 Nf6 5.Nc3 Nbd7 6.Qc2 Be7 7.Be2 dxc4 8.Bxc4 b5
9.Bd3 Bb7 10.e4 e5 11.dxe5 Ng4 12.O-O Ndxe5 13.Nxe5 Nxe5 14.Be2 Qc8 15.Rd1 O-O
16.h3 Qe6 17.Be3 Rfd8 18.b3 Ng6 19.f4 Qf6 20.e5 Qh4 21.Rf1 Bb4 22.Ne4 Ne7
23.Nc5 Bc8 24.Qe4 Bc3 25.Bf2 Qh6 26.Rad1 Bf5 27.Qf3 Bb4 28.Bd3 Qg6 29.Bxf5 Qxf5
30.Nd3 Ba5 31.b4 Bb6 32.Kh1 Bxf2 33.Rxf2 Rd4 34.Rfd2 Rad8 35.Qe3 R8d5 36.Kh2 h6
37.a3 a6 38.Qf3 Qc8 39.g4 Qd8 40.Qe3 Ng6 41.e6 fxe6 42.Qxe6+ Kh7 43.f5 Nh4
44.Nf4 Rxd2+ 45.Rxd2 Rxd2+  0-1

[Event "FSGM June"]
[Site "Budapest HUN"]
[Date "2009.06.07"]
[Round "2"]
[White "Solomon,K"]
[Black "Szabo,Krisz1"]
[Result "0-1"]
[WhiteElo "2346"]
[BlackElo "2518"]

1.d4 d5 2.Nf3 Nf6 3.c4 e6 4.Nc3 c6 5.e3 Nbd7 6.Qc2 Bd6 7.Bd3 O-O 8.O-O dxc4
9.Bxc4 a6 10.Rd1 b5 11.Be2 Qc7 12.Bd2 e5 13.dxe5 Nxe5 14.Ng5 Qe7 15.Be1 h6
16.Nf3 c5 17.e4 b4 18.Nd5 Nxd5 19.exd5 Bg4 20.Nxe5 Qxe5 21.Bxg4 Qxh2+ 22.Kf1 Qh1+
23.Ke2 Rae8+ 24.Kd3 Qxg2  0-1

[Event "XXXI Nezhmetdinov Mem"]
[Site "Kazan RUS"]
[Date "2009.06.07"]
[Round "8"]
[White "Gubaydulin,T"]
[Black "Afanasiev,D2"]
[Result "1-0"]
[WhiteElo "2265"]
[BlackElo "1880"]

1.d4 d5 2.c4 e6 3.Nc3 c6 4.Nf3 Nf6 5.e3 Nbd7 6.Qc2 Bd6 7.b3 O-O 8.Be2 Re8
9.O-O a6 10.e4 dxe4 11.Nxe4 Nxe4 12.Qxe4 e5 13.dxe5 Nxe5 14.Bb2 Nxf3+ 15.Qxf3 Qc7
16.h3 Be5 17.Bxe5 Qxe5 18.Bd3 Be6 19.Rfe1 Qc5 20.Re3 Re7 21.Rae1 Rae8 22.Re5 Qd6
23.c5 Qd4 24.Bc4 g6 25.Qg3 Qd7 26.Qe3 Kf8 27.Qh6+ Kg8 28.Qe3 Kf8 29.Qh6+ Kg8
30.Qh4 Kg7 31.R5e3 f6 32.Qe4 Kf7 33.Qh4 Kg7 34.Qe4 Kf7 35.Rd3 Qc7 36.Bxe6+ Rxe6
37.Qc4 f5 38.Rd6 Qc8 39.g4 Kf6 40.Qd4+ Kf7 41.Qc4 Kf6 42.g5+ Kf7 43.f4 Re7
44.Re5 Qe8 45.Kf2 Qc8 46.Ke3 Qe8 47.b4 Qc8 48.Rexe6 Rxe6+ 49.Qxe6+ Qxe6+
50.Rxe6 Kxe6 51.Kd4 Kd7 52.Ke5 Ke7 53.h4  1-0

[Event "OKU"]
[Site "Utrecht NED"]
[Date "2009.06.07"]
[Round "5"]
[White "Groffen,H"]
[Black "Oosterman,M"]
[Result "1/2-1/2"]
[WhiteElo "2167"]
[BlackElo "2005"]

1.d4 d5 2.c4 c6 3.Nf3 Nf6 4.Nc3 e6 5.e3 Nbd7 6.Qc2 Bd6 7.g4 h6 8.h3 e5 9.cxd5 Nxd5
10.Nxd5 cxd5 11.dxe5 Nxe5 12.Nd4 O-O 13.Bd2 Bd7 14.Qb3 Nc4 15.Bb4 Na5 16.Qa3 Bxb4+
17.Qxb4 Nc6 18.Nxc6 bxc6 19.Bg2 Rb8 20.Qc3 Qb6 21.b3 f5 22.gxf5 Bxf5 23.Rc1 Rf6
24.h4 Rbf8 25.Qc5 Qa6 26.a4 Kh8 27.Qd4 Bd3 28.Bf1 Bxf1 29.Rxf1 Qb7 30.Rc3 a5
31.Qc5 Qa6 32.Qd4 Rb8 33.Rg1 Rb4 34.Qe5 Qb7 35.Qg3 d4 36.Rd3 c5 37.exd4 Rxd4
38.Rxd4 cxd4  1/2-1/2